Söldner aus Böhmen : im Dienst deutscher Fürsten : Kriegsgeschäft und Heeresorganisation im 15. Jahrhundert /

Hlavní autor: Tresp, Uwe, 1967-
Jazyk: Němčina
Vydáno: Paderborn ; München ; Wien ; Zürich : Ferdinand Schöningh, c2004
Edice: Krieg in der Geschichte
Témata:
Fyzický popis: 524 s. : il., 1 mapa ; 24 cm
Knihy
Uloženo v:
LEADER 01971nam a2200493 a 4500
001 001144983
003 CZ BrMZK
005 20110525143143.0
007 ta
008 110418s2004 gw ab f 001 0 ger
020 |a 3-506-71744-8  |q (váz.) 
035 |a (OCoLC)56533455 
040 |a BOA001  |b cze 
043 |a e-xr---  |a ec----- 
044 |a gw  |a au  |a sz 
045 |a s1s9 
072 7 |a 355/359  |x Vojenství. Obrana země. Ozbrojené síly  |2 Konspekt  |9 15 
080 |a 355.216-051  |2 MRF 
080 |a 355.216  |2 MRF 
080 |a 355.4  |2 MRF 
080 |a 94(437.3)"14"  |2 MRF 
080 |a 94(4-191.2)  |2 MRF 
080 |a (048.8)  |2 MRF 
100 1 |a Tresp, Uwe,  |d 1967-  |7 mzk2011636930  |4 aut 
245 1 0 |a Söldner aus Böhmen :  |b im Dienst deutscher Fürsten : Kriegsgeschäft und Heeresorganisation im 15. Jahrhundert /  |c Uwe Tresp 
260 |a Paderborn ;  |a München ;  |a Wien ;  |a Zürich :  |b Ferdinand Schöningh,  |c c2004 
300 |a 524 s. :  |b il., 1 mapa ;  |c 24 cm 
490 1 |a Krieg in der Geschichte ;  |v Bd. 19 
504 |a Obsahuje bibliografii, bibliografické odkazy a rejstřík 
648 7 |a 15. století  |7 ch460553  |2 czenas 
650 0 7 |a žoldnéři  |7 ph273344  |z Česko  |y 15. stol.  |2 czenas 
650 0 7 |a žoldnéři  |7 ph273344  |z Evropa střední  |y 15. stol.  |2 czenas 
650 0 7 |a žoldnéřské vojsko  |7 ph273343  |z Česko  |y 15. stol.  |2 czenas 
650 0 7 |a žoldnéřské vojsko  |7 ph273343  |z Evropa střední  |y 15. stol.  |2 czenas 
650 0 7 |a válečnictví  |7 ph127327  |z Česko  |y 15. stol.  |2 czenas 
650 0 7 |a válečnictví  |7 ph127327  |z Evropa střední  |y 15. stol.  |2 czenas 
655 7 |a studie  |7 fd133597  |2 czenas 
651 7 |a Evropa střední  |7 ge137882  |x dějiny  |y 15. stol.  |2 czenas 
651 7 |a Česko  |7 ge128065  |x dějiny  |y 15. stol.  |2 czenas 
830 0 |a Krieg in der Geschichte 
910 2 |a BOA001  |b 2-1266.185 
990 |a BK 
991 |b 201105  |e n 
996 7 |b 2610477711  |c 2-1266.185  |l MZK  |r Sklad / do 1 hodiny  |n 6  |p kup  |w 001178253  |u 000010  |a 1  |e BOA001  |j MZK50  |s A